000 00337nam a2200145 i 4500
001 bg
100 1 _aMITSCHKE, M.
245 0 _aDynamika samochodu.
_nT. 1,
_pDrgania /
_cM.Mitschke.
250 _aWyd.2 zm.
260 _aWarszawa,
_c1989.
040 _cBPK
041 _apol
942 _cKS
008 s pl f |000 0 pol
999 _c29043
_d29043
856 _uhttp://koha.tu.koszalin.pl/cgi-bin/koha/opac-detail.pl?biblionumber=29043
_yKatalog online BPK